000
00344nam a2200133Ia 4500
008
231129s2001||||xx |||||||||||||| ||spa||
020
_a
84-8055-447-9 (v.1)
040
_b
spa
082
_a
R 920 B615
245
0
_a
Biografias de personajes y sus obras
260
_c
2001
264
_a
Cultural
942
_2
ddc
_c
BKS
999
_c
6198
_d
6198